دراسة في مخطوط تاريخ الدول والملوك : المعروف بتاريخ إبن الفورات الحنفي / Dirāsah fī makhṭūṭ tārīkh al-duwal wa-al-mulūk : al-maʻrūf bi-Tārīkh Ibn al-Fūrāt al-Ḥanafī

محفوظ في:

المؤلف الرئيسي: Aḥmad ʻAbd al-Ḥamīd. Shāmī.

التنسيق: كتاب

اللغة: Undetermined

منشور في: Cairo : Maktabat al-Anjilū al-Miṣrīyah, 1983.

سلاسل: Silsilah fī tārīkh al-ʻArab wa-al-Islām (Maktabat al-Anjilū al-Miṣrīyah)

الموضوعات:

الوسوم: إضافة وسم

لا توجد وسوم, كن أول من يضع وسما على هذه التسجيلة!

رقم الطلب: (P)DT17 .I25 T337

LEADER 00928nam a2200181Ia 4500
008 240329s9999||||xx |||||||||||||| ||und||
050 4 |a (P)DT17 .I25 T337 
100 1 |a Aḥmad ʻAbd al-Ḥamīd. Shāmī. 
245 1 0 |a دراسة في مخطوط تاريخ الدول والملوك : المعروف بتاريخ إبن الفورات الحنفي / Dirāsah fī makhṭūṭ tārīkh al-duwal wa-al-mulūk : al-maʻrūf bi-Tārīkh Ibn al-Fūrāt al-Ḥanafī  |c Aḥmad ʻAbd al-Ḥamīd. Shāmī 
264 1 |a Cairo :  |b Maktabat al-Anjilū al-Miṣrīyah,  |c 1983. 
300 |a 41,4  |b facsimiles  |c 24 
490 0 |a Silsilah fī tārīkh al-ʻArab wa-al-Islām (Maktabat al-Anjilū al-Miṣrīyah) 
650 |a Early works 
650 |a Histoire universelle Ouvrages avant 1800 
650 |a Ibn al-Furāt, Muḥammad ibn ʻAbd al-Raḥim, 1334 or 1335-1405 
650 |a Islamic Empire Islamic Empire 
942 |2 lcc  |c BK 
999 |c 57805  |d 57805